Louis Tomlinson - Chansons de l'album How Did I Get Here ? - Statistiques

Statistiques générales
  • Ce quiz a été pris 36 fois
  • Le résultat moyen est 12 sur 14
Statistiques - réponses
How Did I Get Here % Correct
Lemonade
100%
Jump The Gun
93%
Palaces
93%
Sunflowers
93%
Dark To Light
90%
Imposter
90%
Lazy
90%
Broken Bones
86%
Last Night
86%
Lucid
86%
On Fire
86%
Sanity
86%
The Answer
52%
The Observer
52%
Aucun quiz correspondant
Distribution des résultats
% des personnes avec chaque résultat
Percentile par nombre de réponses
Votre historique - résultats
Vous n’avez pas pris ce quiz